|
|
|
|
| LEADER |
01347nam a2200277 a 4500 |
| 001 |
16522653 |
| 008 |
120131s2011 enka b 001 0 eng d |
| 999 |
|
|
|c 11852
|d 11852
|
| 010 |
|
|
|a 2010046378
|
| 020 |
|
|
|a 9781405182416 (hardback)
|
| 020 |
|
|
|a 9781405182409 (Paperback)
|
| 040 |
|
|
|a DLC
|c DLC
|d BD-DhAAL
|
| 082 |
0 |
0 |
|a 300.72
|2 22
|
| 100 |
1 |
|
|a Robson, Colin.
|9 30154
|
| 245 |
1 |
0 |
|a Real world research :
|b a resource for users of social research methods in applied settings /
|c Colin Robson.
|
| 250 |
|
|
|a 3rd edition
|
| 260 |
|
|
|a Chichester, West Sussex ;
|a Hoboken, N.J. :
|b Wiley-Blackwell,
|c c2011.
|
| 300 |
|
|
|a 586 pages :
|b illustrations ;
|c 25 cm.
|
| 504 |
|
|
|a Includes bibliographical references (p. [535]-572) and index.
|
| 541 |
|
|
|e 00024407
|
| 650 |
|
0 |
|a Social sciences
|x Research
|x Methodology.
|9 30155
|
| 650 |
|
0 |
|a Psychology
|x Research
|x Methodology.
|9 30156
|
| 852 |
1 |
|
|a Ayesha Abed Library
|c General shelf.
|
| 942 |
|
|
|2 ddc
|c BK
|
| 952 |
|
|
|0 0
|1 0
|4 0
|6 300_720000000000000_ROB
|7 0
|9 19371
|a BRACUL
|b BRACUL
|c GEN
|d 2012-02-01
|e Karim International
|g 3600.00
|l 2
|m 13
|o 300.72 ROB
|p 3010024407
|r 2023-08-29
|s 2022-12-28
|t 1
|w 2012-02-01
|y BK
|x Available
|
| 952 |
|
|
|0 0
|1 0
|4 0
|6 300_720000000000000_ROB
|7 0
|9 19372
|a BRACUL
|b BRACUL
|c GEN
|d 2012-02-01
|e Karim International
|g 3600.00
|l 5
|m 57
|o 300.72 ROB
|p 3010024408
|r 2023-02-28
|s 2022-08-10
|t 2
|w 2012-02-01
|y BK
|x Available
|